<?xml version="1.0" encoding="UTF-8"?><?xml-stylesheet type="text/xsl" href="static/style.xsl"?><OAI-PMH xmlns="http://www.openarchives.org/OAI/2.0/" xmlns:xsi="http://www.w3.org/2001/XMLSchema-instance" xsi:schemaLocation="http://www.openarchives.org/OAI/2.0/ http://www.openarchives.org/OAI/2.0/OAI-PMH.xsd"><responseDate>2026-04-17T00:54:53Z</responseDate><request verb="GetRecord" identifier="oai:www.recercat.cat:11351/12810" metadataPrefix="marc">https://recercat.cat/oai/request</request><GetRecord><record><header><identifier>oai:recercat.cat:11351/12810</identifier><datestamp>2025-10-24T10:18:05Z</datestamp><setSpec>com_2072_378070</setSpec><setSpec>com_2072_378040</setSpec><setSpec>col_2072_378092</setSpec></header><metadata><record xmlns="http://www.loc.gov/MARC21/slim" xmlns:dcterms="http://purl.org/dc/terms/" xmlns:xsi="http://www.w3.org/2001/XMLSchema-instance" xmlns:doc="http://www.lyncode.com/xoai" xsi:schemaLocation="http://www.loc.gov/MARC21/slim http://www.loc.gov/standards/marcxml/schema/MARC21slim.xsd">
   <leader>00925njm 22002777a 4500</leader>
   <datafield ind2=" " ind1=" " tag="042">
      <subfield code="a">dc</subfield>
   </datafield>
   <datafield ind2=" " ind1=" " tag="720">
      <subfield code="a">GOMEZ MARIANO, GEMA</subfield>
      <subfield code="e">author</subfield>
   </datafield>
   <datafield ind2=" " ind1=" " tag="720">
      <subfield code="a">Hernandez-SanMiguel, Esther</subfield>
      <subfield code="e">author</subfield>
   </datafield>
   <datafield ind2=" " ind1=" " tag="720">
      <subfield code="a">Fernández-Prieto, Marta</subfield>
      <subfield code="e">author</subfield>
   </datafield>
   <datafield ind2=" " ind1=" " tag="720">
      <subfield code="a">Ramos-Del Saz, Sheila</subfield>
      <subfield code="e">author</subfield>
   </datafield>
   <datafield ind2=" " ind1=" " tag="720">
      <subfield code="a">Baladrón, Beatriz</subfield>
      <subfield code="e">author</subfield>
   </datafield>
   <datafield ind2=" " ind1=" " tag="720">
      <subfield code="a">Mielu, Lidia Mirela</subfield>
      <subfield code="e">author</subfield>
   </datafield>
   <datafield ind2=" " ind1=" " tag="720">
      <subfield code="a">Sabado, Constantino</subfield>
      <subfield code="e">author</subfield>
   </datafield>
   <datafield ind2=" " ind1=" " tag="260">
      <subfield code="c">2025-03-21T09:21:38Z</subfield>
   </datafield>
   <datafield ind2=" " ind1=" " tag="260">
      <subfield code="c">2025-03-21T09:21:38Z</subfield>
   </datafield>
   <datafield ind2=" " ind1=" " tag="260">
      <subfield code="c">2025-02</subfield>
   </datafield>
   <datafield ind2=" " ind1=" " tag="520">
      <subfield code="a">Mosaicism; Next generation sequencing; Retinoblastoma</subfield>
   </datafield>
   <datafield ind2=" " ind1=" " tag="520">
      <subfield code="a">Mosaicismo; Secuenciación de nueva generación; Retinoblastoma</subfield>
   </datafield>
   <datafield ind2=" " ind1=" " tag="520">
      <subfield code="a">Mosaicisme; Seqüenciació de nova generació; Retinoblastoma</subfield>
   </datafield>
   <datafield ind2=" " ind1=" " tag="520">
      <subfield code="a">Constitutional variants in the RB1 gene predispose individuals to the development of Retinoblastoma (RB) and the occurrence of second tumors in adulthood. Detection of causal RB1 gene variants is essential to establish the genetic diagnosis and to performing familial studies and counseling. In our cohort of 579 Spanish RB patients, 15% of cases suspected to have a genetic origin remained negative after traditional Sanger sequencing and Multiplex Ligation-dependent Probe Amplification (MLPA) of RB1 gene, likely due to the possibility of mosaicism or non-coding variants. A specific next-generation sequencing (NGS) gene panel was designed to analyze the complete sequence of the RB1 gene. While many familial RB cases showed variants through Sanger and MLPA, the analysis of 65 available sporadic RB patients using the NGS gene panel identified a causative variant in an additional 6 of 26 (23%) bilateral cases and 6 of 39 (15.4%) unilateral cases. Seven of these cases exhibited different degrees of mosaicism (26%, 20%, 15.8%, 8%, 6%, 5.9% and 3%) while 5 cases had heterozygous deep intronic variants, all of them previously described in RB patients. Additional cases with suspected variants, not detected in blood but present in tumor tissue, were also analyzed using NGS PCR amplicons, and mosaicism was confirmed in other 10 sporadic cases. Altogether, the use of NGS increased the diagnostic yield, particularly for patients with sporadic RB in 10 bilateral cases and in 12 unilateral cases.</subfield>
   </datafield>
   <datafield ind2=" " ind1=" " tag="520">
      <subfield code="a">The Instituto de Salud Carlos III of Madrid has supported this work (PT23CIII/00003). We acknowledge the genomics and bioinformatics services of the Instituto de Salud Carlos III for their participation in this study. We would like to thank Belén Marugán Gómez for the illustration of the figure presented in Highlights.</subfield>
   </datafield>
   <datafield ind1="8" ind2=" " tag="024">
      <subfield code="a">http://hdl.handle.net/11351/12810</subfield>
   </datafield>
   <datafield tag="653" ind2=" " ind1=" ">
      <subfield code="a">Anomalies cromosòmiques</subfield>
   </datafield>
   <datafield tag="653" ind2=" " ind1=" ">
      <subfield code="a">Retina - Càncer - Diagnòstic</subfield>
   </datafield>
   <datafield tag="653" ind2=" " ind1=" ">
      <subfield code="a">Retina - Càncer - Aspectes genètics</subfield>
   </datafield>
   <datafield tag="653" ind2=" " ind1=" ">
      <subfield code="a">Mosaïcisme</subfield>
   </datafield>
   <datafield tag="653" ind2=" " ind1=" ">
      <subfield code="a">PHENOMENA AND PROCESSES::Genetic Phenomena::Genetic Variation::Mutation::Chromosome Aberrations::Mosaicism</subfield>
   </datafield>
   <datafield tag="653" ind2=" " ind1=" ">
      <subfield code="a">DISEASES::Neoplasms::Neoplasms::Neoplasms::Neoplasms::Neoplasms by Site::Eye Neoplasms::Retinal Neoplasms::Retinoblastoma</subfield>
   </datafield>
   <datafield tag="653" ind2=" " ind1=" ">
      <subfield code="a">Other subheadings::Other subheadings::/diagnosis</subfield>
   </datafield>
   <datafield tag="653" ind2=" " ind1=" ">
      <subfield code="a">PHENOMENA AND PROCESSES::Genetic Phenomena::Genetic Variation::Mutation</subfield>
   </datafield>
   <datafield tag="653" ind2=" " ind1=" ">
      <subfield code="a">FENÓMENOS Y PROCESOS::fenómenos genéticos::variación genética::mutación::aberraciones cromosómicas::mosaicismo</subfield>
   </datafield>
   <datafield tag="653" ind2=" " ind1=" ">
      <subfield code="a">ENFERMEDADES::neoplasias::neoplasias::neoplasias::neoplasias::neoplasias por localización::neoplasias del ojo::neoplasias de la retina::retinoblastoma</subfield>
   </datafield>
   <datafield tag="653" ind2=" " ind1=" ">
      <subfield code="a">Otros calificadores::Otros calificadores::/diagnóstico</subfield>
   </datafield>
   <datafield tag="653" ind2=" " ind1=" ">
      <subfield code="a">FENÓMENOS Y PROCESOS::fenómenos genéticos::variación genética::mutación</subfield>
   </datafield>
   <datafield ind2="0" ind1="0" tag="245">
      <subfield code="a">Mosaicism and intronic variants in RB1 gene revealed by next generation sequencing in a cohort of Spanish retinoblastoma patients</subfield>
   </datafield>
</record></metadata></record></GetRecord></OAI-PMH>